A nyomor frontja a városházán munkanélküliek és segélykérő asszonytömegek vonultak fel kedden a városházára ; Szerdán megkezdődik az ínségmunka ; A segélykéréseket elutasították
Elmentve itt :
| Dokumentumtípus: | Cikk |
|---|---|
| Megjelent: |
1930-11-26
|
| Sorozat: | Délmagyarország
6 No. 267 |
| Kulcsszavak: | Munkanélküliség Szeged 1930, Közmunka Szeged 1930 |
| Online Access: | http://dmarchiv.bibl.u-szeged.hu/59781 |
| LEADER | 00611nab a2200145 i 4500 | ||
|---|---|---|---|
| 001 | delm59781 | ||
| 005 | 20180927144601.0 | ||
| 008 | 180927s1930 hu o 0|| hun d | ||
| 040 | |a SZTE Délmagyarország Archívum |b hun | ||
| 041 | |a hun | ||
| 245 | 0 | 2 | |a A nyomor frontja a városházán |h [elektronikus dokumentum] : |b munkanélküliek és segélykérő asszonytömegek vonultak fel kedden a városházára ; Szerdán megkezdődik az ínségmunka ; A segélykéréseket elutasították |
| 260 | |c 1930-11-26 | ||
| 300 | |a 3 | ||
| 490 | 0 | |a Délmagyarország |v 6 No. 267 | |
| 695 | |a Munkanélküliség Szeged 1930, Közmunka Szeged 1930 | ||